Sheffield offices (Record no. 78062)

MARC details
000 -LEADER
fixed length control field 00891cab a2200193 4500
001 - CONTROL NUMBER
control field L135890
008 - FIXED-LENGTH DATA ELEMENTS--GENERAL INFORMATION
fixed length control field 061214n2006 000 0 eng u
035 ## - SYSTEM CONTROL NUMBER
System control number (Sirsi) u135890
041 0# - LANGUAGE CODE
Language code of text/sound track or separate title eng
100 1# - MAIN ENTRY--PERSONAL NAME
Personal name Ives, Paul
245 00 - TITLE STATEMENT
Title Sheffield offices
Remainder of title public sector demand plugs private sector gaps
260 ## - PUBLICATION, DISTRIBUTION, ETC.
Date of publication, distribution, etc. 2006
490 #0 - SERIES STATEMENT
Series statement Property Forecast
Volume/sequential designation 9(11) November 2006, 12-13(2)
520 ## - SUMMARY, ETC.
Summary, etc. Discusses the prospects of the office market in Sheffield, where high growth rates are predicted. The regeneration of the city centre is considered to be positively affecting the market in Sheffield, and in particular, attracting the relocation of Government services to the city. Includes graphs depicting the growth in office demand in Sheffield.
590 ## - LOCAL NOTE (RLIN)
Local note KA
651 #4 - SUBJECT ADDED ENTRY--GEOGRAPHIC NAME
Geographic name SHEFFIELD
690 ## - LOCAL SUBJECT ADDED ENTRY--TOPICAL TERM (OCLC, RLIN)
Topical term or geographic name as entry element PROPERTY-COMMERCIAL PROPERTY-COMMERCIAL PROPERTY FINANCE AND INVESTMENT
942 ## - ADDED ENTRY ELEMENTS (KOHA)
Suppress in OPAC 0
Holdings
Withdrawn status Lost status Source of classification or shelving scheme Damaged status Not for loan Home library Current library Shelving location Date acquired Total Checkouts Full call number Barcode Date last seen Copy number Price effective from Koha item type
    Dewey Decimal Classification     London London Journal article 14/12/2006   L135890 135890-1001 06/08/2019 1 06/08/2019 Journal article